[Event "FIDE World Blitz Championship"]
[Site "Dubai UAE"]
[Date "2014.06.20"]
[EventDate "2014.06.19"]
[Round "18.46"]
[Result "1-0"]
[White "Arkadij Naiditsch"]
[Black "Jasem Al-Huwar"]
[WhiteElo "2705"]
[BlackElo "2277"]
[PlyCount "51"]

1. e4 e6 2. d4 d5 3. Nd2 dxe4 4. Nxe4 Nd7 5. Nf3 Ngf6 6. Bd3
Nxe4 7. Bxe4 Nf6 8. Bg5 h6 9. Bxf6 Qxf6 10. Qe2 c6 11. O-O-O
g6 12. Kb1 Bg7 13. Ne5 O-O 14. h4 c5 15. c3 cxd4 16. cxd4 Rd8
17. h5 g5 18. Bc2 Bd7 19. Rh3 Bc6 20. Qd3 Bxg2 21. Rg3 Bd5
22. f4 Rac8 23. fxg5 hxg5 24. Rf1 Bxa2+ 25. Kxa2 Rxd4 26. Qh7+
1-0

[Event "FIDE World Blitz Championship"]
[Site "Dubai UAE"]
[Date "2014.06.20"]
[EventDate "2014.06.19"]
[Round "19.41"]
[Result "0-1"]
[White "Ehsan Ghaem Maghami"]
[Black "Arkadij Naiditsch"]
[WhiteElo "2582"]
[BlackElo "2705"]
[PlyCount "74"]

1. e4 c5 2. Nf3 Nc6 3. Bb5 d6 4. O-O Bd7 5. Re1 a6 6. Bf1 Bg4
7. h3 Bxf3 8. Qxf3 g6 9. c3 Bg7 10. d3 e5 11. a3 Nge7 12. b4
O-O 13. Be3 cxb4 14. axb4 d5 15. Bd2 Qd6 16. Na3 d4 17. Nc2
dxc3 18. Bxc3 Rac8 19. Qd1 Na7 20. Bd2 Nb5 21. Ne3 Nd4 22. Nc4
Qe6 23. Rc1 Rfd8 24. Bg5 h6 25. Be3 b5 26. Na5 Rxc1 27. Qxc1
Rc8 28. Qb1 Rc7 29. Rc1 Qc8 30. Rxc7 Qxc7 31. Qc1 Qxc1
32. Bxc1 Nec6 33. Nb7 Nxb4 34. Bb2 Nbc6 35. g3 a5 36. Nd6 b4
37. Nc4 a4 0-1

[Event "FIDE World Blitz Championship"]
[Site "Dubai UAE"]
[Date "2014.06.20"]
[EventDate "2014.06.19"]
[Round "20.36"]
[Result "1-0"]
[White "Arkadij Naiditsch"]
[Black "Tanguy Ringoir"]
[WhiteElo "2705"]
[BlackElo "2506"]
[PlyCount "55"]

1. e4 e5 2. Nf3 Nc6 3. Bb5 a6 4. Bxc6 dxc6 5. O-O Qf6 6. d4
exd4 7. Bg5 Qd6 8. Nxd4 Bd7 9. Nc3 Be7 10. Bxe7 Nxe7 11. Nb3
Qxd1 12. Raxd1 b6 13. Rd2 O-O-O 14. Rfd1 c5 15. Nc1 f5
16. N1e2 Nc6 17. f3 Ne5 18. Nd5 Rhe8 19. b3 fxe4 20. fxe4 Kb7
21. h3 Bc6 22. c4 Nf7 23. Ng3 Nd6 24. Nc3 b5 25. Nf5 b4
26. Ne2 Rxe4 27. Neg3 Re3 28. Nxe3 1-0

[Event "FIDE World Blitz Championship"]
[Site "Dubai UAE"]
[Date "2014.06.20"]
[EventDate "2014.06.19"]
[Round "21.30"]
[Result "0-1"]
[White "Vasif Durarbayli"]
[Black "Arkadij Naiditsch"]
[WhiteElo "2590"]
[BlackElo "2705"]
[PlyCount "112"]

1. e4 c5 2. Nf3 Nc6 3. d4 cxd4 4. Nxd4 e5 5. Nb5 d6 6. c4 Nf6
7. N1c3 a6 8. Na3 Be7 9. Nc2 O-O 10. Be2 Be6 11. O-O Rc8
12. b3 b5 13. cxb5 axb5 14. Bxb5 Na7 15. Qd3 Rxc3 16. Qxc3
Nxb5 17. Qd3 Qb8 18. a4 Nc7 19. b4 Qb7 20. Bg5 d5 21. exd5
Ncxd5 22. b5 h6 23. Bxf6 Bxf6 24. Qe4 Qb8 25. Ne3 Nc3 26. Qb4
e4 27. Ra3 Ne2+ 28. Kh1 Qf4 29. Nc4 e3 30. Rxe3 Qxc4 31. Qxc4
Bxc4 32. Re1 Rd8 33. b6 Bd4 34. Rd1 Rb8 35. a5 Bxe3 36. fxe3
Ba6 37. Rd7 Nc3 38. Ra7 Bb7 39. a6 Bxa6 40. Rxa6 Nd5 41. Ra5
Rxb6 42. Kg1 Nxe3 43. Kf2 Ng4+ 44. Kg3 Nf6 45. Ra3 Re6 46. h3
g5 47. Kf3 Kg7 48. Ra5 Kg6 49. Ra4 Nd7 50. Ra8 Ne5+ 51. Kf2 f5
52. Ra5 f4 53. Ra3 Rc6 54. Ra5 Kf5 55. Ra2 Rb6 56. Rd2 Rb2 0-1

[Event "5th Danzhou Tournament"]
[Site "Danzhou CHN"]
[Date "2014.06.25"]
[EventDate "2014.06.25"]
[Round "1.2"]
[Result "1/2-1/2"]
[White "Arkadij Naiditsch"]
[Black "Xiu Deshun"]
[WhiteElo "2705"]
[BlackElo "2550"]
[PlyCount "130"]

1. e4 e5 2. Nf3 Nc6 3. Bb5 a6 4. Ba4 Nf6 5. O-O Be7 6. d3 b5
7. Bb3 d6 8. c3 O-O 9. Nbd2 Na5 10. Bc2 c5 11. Re1 Nc6 12. Nf1
h6 13. Ne3 Re8 14. a4 Bb7 15. Nh4 Bf8 16. Ng4 b4 17. Nf5 Bc8
18. Bb3 Be6 19. Re3 Bxb3 20. Nxf6+ Qxf6 21. Qxb3 Qe6 22. Qd1
bxc3 23. bxc3 Ne7 24. Qg4 Nxf5 25. exf5 Qf6 26. Rh3 e4 27. d4
cxd4 28. Rxh6 g6 29. Rh3 Bg7 30. fxg6 fxg6 31. Bd2 e3 32. fxe3
dxc3 33. Rf1 Qe6 34. Qh4 Qxh3 35. Qxh3 cxd2 36. Qf3 Bh6
37. Qd5+ Kh8 38. h4 Bxe3+ 39. Kh2 Rf8 40. Rd1 Rae8 41. Qd3 Re6
42. g3 Rc8 43. Qxa6 Rc1 44. Qa8+ Kh7 45. Qb7+ Kg8 46. Qd5 Rxd1
47. Qxe6+ Kg7 48. Qe7+ Kg8 49. Qxe3 Rh1+ 50. Kxh1 d1=Q+
51. Kg2 Qxa4 52. Qe6+ Kg7 53. Qxd6 Qe4+ 54. Kf2 g5 55. h5 Qf5+
56. Ke3 g4 57. Qd4+ Kh7 58. Qe4 Qxe4+ 59. Kxe4 Kh6 60. Kf4
Kxh5 61. Kf5 Kh6 62. Kf6 Kh5 63. Kf5 Kh6 64. Kf6 Kh5 65. Kf5
Kh6 1/2-1/2

[Event "5th Danzhou Tournament"]
[Site "Danzhou CHN"]
[Date "2014.06.27"]
[EventDate "2014.06.25"]
[Round "3.1"]
[Result "1-0"]
[White "Arkadij Naiditsch"]
[Black "Zhao Jun"]
[WhiteElo "2705"]
[BlackElo "2603"]
[PlyCount "129"]

1. e4 e6 2. d4 d5 3. Nd2 c5 4. exd5 Qxd5 5. dxc5 Nf6 6. Ngf3
Qxc5 7. Bd3 Be7 8. O-O Nbd7 9. Re1 b6 10. Ne4 Qc7 11. Nxf6+
Bxf6 12. Ng5 Nc5 13. Bb5+ Bd7 14. Bxd7+ Qxd7 15. Qxd7+ Nxd7
16. Ne4 Be7 17. Bf4 O-O 18. Rad1 Nf6 19. Bd6 Bxd6 20. Nxf6+
gxf6 21. Rxd6 Rfd8 22. Red1 Rxd6 23. Rxd6 Rc8 24. c3 Rc5
25. Kf1 Kf8 26. Rd7 a5 27. Ra7 Rb5 28. b3 Rd5 29. Ra6 Rd2
30. a4 Rd3 31. Rxb6 Rxc3 32. Rb5 Ke7 33. Ke2 Rc2+ 34. Ke3 f5
35. g3 Kd6 36. Rxa5 Rc3+ 37. Ke2 Rxb3 38. Ra7 h5 39. Rxf7 h4
40. Ra7 hxg3 41. hxg3 Ra3 42. Ra8 Ke5 43. Kf1 Ra2 44. a5 Ke4
45. Kg2 e5 46. a6 Rc2 47. a7 Ra2 48. g4 fxg4 49. Kg3 Ra1
50. Kxg4 Rg1+ 51. Kh4 Rh1+ 52. Kg3 Rg1+ 53. Kh2 Rg7 54. Kh3
Rh7+ 55. Kg4 Rg7+ 56. Kh5 Rf7 57. Kg6 Rxf2 58. Rb8 Ra2
59. a8=Q+ Rxa8 60. Rxa8 Kf4 61. Rf8+ Kg4 62. Re8 Kf4 63. Kh5
e4 64. Kh4 Kf3 65. Kh3 1-0

[Event "5th Danzhou Tournament"]
[Site "Danzhou CHN"]
[Date "2014.06.28"]
[EventDate "2014.06.25"]
[Round "4.5"]
[Result "1-0"]
[White "Arkadij Naiditsch"]
[Black "Bu Xiangzhi"]
[WhiteElo "2705"]
[BlackElo "2693"]
[PlyCount "71"]

1. e4 c5 2. Nf3 Nc6 3. Bb5 g6 4. Bxc6 bxc6 5. O-O Bg7 6. Re1
Nf6 7. e5 Nd5 8. c4 Nc7 9. d4 cxd4 10. Qxd4 Ne6 11. Qh4 d6
12. exd6 Qxd6 13. Nc3 h6 14. Be3 Bf6 15. Ne4 Bxh4 16. Nxd6+
exd6 17. Nxh4 Kd7 18. f4 Ba6 19. b3 g5 20. fxg5 hxg5 21. Nf5
d5 22. Rad1 Bb7 23. Bxg5 Rh5 24. h4 Rg8 25. Ng3 Rhxg5 26. hxg5
Rxg5 27. Ne4 Rg6 28. b4 Kc7 29. Nc5 Bc8 30. cxd5 Nxc5 31. d6+
Rxd6 32. bxc5 Rxd1 33. Rxd1 Be6 34. a3 Kb7 35. Rb1+ Ka6
36. Rb4 1-0

[Event "5th Danzhou Tournament"]
[Site "Danzhou CHN"]
[Date "2014.07.02"]
[EventDate "2014.06.25"]
[Round "7"]
[Result "1-0"]
[White "Zhou Weiqi"]
[Black "Arkadij Naiditsch"]
[WhiteElo "2601"]
[BlackElo "2705"]
[PlyCount "157"]

1. d4 Nf6 2. c4 e6 3. Nc3 d5 4. Bg5 Be7 5. e3 Nbd7 6. Nf3 O-O
7. Rc1 h6 8. Bh4 c5 9. cxd5 Nxd5 10. Bxe7 Nxe7 11. Be2 b6
12. O-O Bb7 13. Qa4 Nf5 14. Rfd1 cxd4 15. Nxd4 Nxd4 16. Qxd4
Nf6 17. f3 Qxd4 18. Rxd4 Rfd8 19. Rcd1 Rxd4 20. Rxd4 Kf8
21. e4 Ke7 22. Kf2 e5 23. Rd2 Ne8 24. Bc4 Nd6 25. Bd5 Rc8
26. h4 Bxd5 27. Nxd5+ Ke6 28. Ne3 g6 29. g4 h5 30. g5 Ne8
31. Nd5 Rc1 32. b3 Nd6 33. a4 Nb7 34. b4 Nd6 35. Rd3 Rc2+
36. Kg3 Rc4 37. Rb3 Nf5+ 38. Kh3 Nd4 39. Ra3 Kd6 40. a5 b5
41. Rd3 Ke6 42. Kg2 Rc2+ 43. Kf1 Kd6 44. Rc3 Rb2 45. Rd3 Nc6
46. Nc3+ Ke7 47. Nd5+ Kd7 48. Nc3+ Nd4 49. Nd5 Rc2 50. Rc3
Rxc3 51. Nxc3 Nxf3 52. Nxb5 a6 53. Nc3 Kc6 54. Ke2 Nd4+
55. Kd3 Ne6 56. Kc4 Nf4 57. Na4 Kb7 58. Nc5+ Ka7 59. Nd7 Ng2
60. Nxe5 Nxh4 61. Nxf7 Ng2 62. Kd3 Nf4+ 63. Kd4 h4 64. Nh6
Ne6+ 65. Kd5 Nxg5 66. e5 Kb7 67. Kd6 Ne4+ 68. Kd7 h3 69. Ng4
Ng3 70. e6 Nh5 71. e7 Ng7 72. Nh2 g5 73. e8=Q Nxe8 74. Kxe8
Kc8 75. Ke7 Kc7 76. Ng4 Kc6 77. Kd8 Kd5 78. b5 axb5 79. Kc7
1-0

[Event "5th Danzhou Tournament"]
[Site "Danzhou CHN"]
[Date "2014.07.03"]
[EventDate "2014.06.25"]
[Round "8"]
[Result "1-0"]
[White "Arkadij Naiditsch"]
[Black "Yu Yangyi"]
[WhiteElo "2705"]
[BlackElo "2675"]
[PlyCount "95"]

1. e4 c5 2. Nf3 Nc6 3. Bb5 Nf6 4. Nc3 Qc7 5. O-O Nd4 6. Re1 a6
7. Bf1 e5 8. h3 d6 9. a4 Nxf3+ 10. Qxf3 Be6 11. b3 Be7 12. Bc4
O-O 13. a5 Rac8 14. d3 Qd8 15. Bd2 Nd7 16. Reb1 Nb8 17. Nd5
Nc6 18. b4 cxb4 19. Bxb4 Bxd5 20. Bxd5 Nd4 21. Qg4 Nxc2
22. Ra2 b5 23. axb6 Qxb6 24. Rab2 Nxb4 25. Rxb4 Qd8 26. Rb7
Rc7 27. g3 a5 28. Rxc7 Qxc7 29. Rb7 Qd8 30. h4 Kh8 31. Qf3 a4
32. Qe3 Bf6 33. Qa7 Re8 34. Rd7 Qb8 35. Qxa4 Re7 36. Rxd6 h5
37. Rc6 Qb1+ 38. Kg2 Qxd3 39. Qa8+ Kh7 40. Qc8 Re6 41. Rxe6
fxe6 42. Qxe6 Kh6 43. Qf5 Qe2 44. Qc8 g6 45. Qc6 Bxh4 46. Bf7
Qg4 47. Be6 Qg5 48. Qc8 1-0

[Event "5th Danzhou Tournament"]
[Site "Danzhou CHN"]
[Date "2014.07.03"]
[EventDate "2014.06.25"]
[Round "8"]
[Result "1/2-1/2"]
[White "Qun Ma"]
[Black "Arkadij Naiditsch"]
[WhiteElo "2609"]
[BlackElo "2705"]
[PlyCount "147"]

1. e4 c5 2. Nf3 d6 3. Bb5+ Bd7 4. c4 e5 5. Bxd7+ Nxd7 6. Nc3
g6 7. a3 Bg7 8. b4 Ne7 9. d3 O-O 10. Rb1 b6 11. Be3 h6 12. Nd2
f5 13. f3 h5 14. Nd5 Nc6 15. Nb3 Nf6 16. Bg5 Qd7 17. b5 Nd8
18. Bxf6 Bxf6 19. a4 Ne6 20. a5 Bh4+ 21. Kd2 fxe4 22. dxe4
bxa5 23. Ra1 Bd8 24. Nxa5 a6 25. Nc6 Bg5+ 26. Kd3 axb5
27. cxb5 c4+ 28. Kxc4 Rac8 29. Qa4 Nd4 30. Nb6 Qf7+ 31. Kd3
Qf4 32. Nxc8 Rxc8 33. Qa2+ Kg7 34. Qf2 Nxb5 35. Rhc1 Qf7
36. Qb2 Bxc1 37. Qxb5 Bg5 38. Ra7 Rc7 39. Nxe5 Rc3+ 40. Kxc3
Qxa7 41. Qd7+ Qxd7 42. Nxd7 Kf7 43. Kd3 Bd8 44. Nb8 Bb6
45. Nc6 Bg1 46. h3 g5 47. Nd4 Kf6 48. Ne2 Ba7 49. Nd4 Bb6
50. g3 d5 51. f4 dxe4+ 52. Kxe4 gxf4 53. gxf4 Ba5 54. Nf5 Bc3
55. Ne3 Bb2 56. Nd5+ Kg6 57. h4 Bg7 58. f5+ Kf7 59. Nf4 Bf6
60. Ng6 Ke8 61. Kd5 Kd7 62. Ne5+ Ke7 63. Nf3 Kd7 64. Ng5 Ke7
65. Nf3 Kd7 66. Ng5 Ke7 67. Ke4 Kd6 68. Kf4 Kd5 69. Nh7 Bxh4
70. f6 Ke6 71. Ng5+ Kxf6 72. Ne4+ Kg6 73. Ng3 Bf6 74. Nxh5
1/2-1/2

[Event "Dortmund Sparkassen Chess Meeting"]
[Site "Dortmund GER"]
[Date "2014.07.13"]
[EventDate "2014.07.12"]
[Round "2"]
[Result "0-1"]
[White "David Baramidze"]
[Black "Arkadij Naiditsch"]
[WhiteElo "2616"]
[BlackElo "2705"]
[PlyCount "100"]

1. d4 Nf6 2. c4 e6 3. g3 d5 4. Bg2 dxc4 5. Nf3 Nc6 6. Qa4 Nd7
7. Qxc4 Nb6 8. Qd3 e5 9. Nxe5 Nb4 10. Qc3 Qxd4 11. O-O Qxc3
12. Nxc3 Bd6 13. Nd3 Nxd3 14. exd3 c6 15. a4 Be6 16. a5 Nd5
17. Bxd5 cxd5 18. Nb5 Bb8 19. Bf4 Bxf4 20. gxf4 Kd7 21. Rfc1
Rhc8 22. Kf1 Rc6 23. Nd4 Bh3+ 24. Ke2 Rf6 25. Nb5 Re8+ 26. Kf3
a6 27. Rc7+ Kd8 28. Rxb7 Kc8 29. Ra7 Kb8 30. Ra8+ Kxa8
31. Nc7+ Kb7 32. Nxe8 Re6 33. Nxg7 Rg6 34. Ne8 Bg4+ 35. Ke3
Re6+ 36. Kd4 Rxe8 37. Rg1 h5 38. Rg3 Re2 39. f3 Be6 40. Rg7
Kc7 41. f5 Bxf5 42. Rxf7+ Bd7 43. h4 Rh2 44. Kxd5 Rxh4 45. d4
Rh2 46. b4 h4 47. Rf6 Re2 48. Rf7 h3 49. Rh7 Re3 50. f4 h2 0-1

[Event "Chess Olympiad"]
[Site "Tromso NOR"]
[Date "2014.08.03"]
[EventDate "2014.08.02"]
[Round "2.13"]
[Result "0-1"]
[White "Espen Lie"]
[Black "Arkadij Naiditsch"]
[WhiteElo "2435"]
[BlackElo "2709"]
[PlyCount "70"]

1. e4 e6 2. d3 c5 3. Nf3 Nc6 4. g3 g6 5. Bg5 Qb6 6. Nbd2 Qxb2
7. Nc4 Qg7 8. e5 b5 9. Nd6+ Bxd6 10. exd6 Nb4 11. d4 Bb7
12. Bxb5 h6 13. Bd2 Qf6 14. Be2 Bxf3 15. Bxf3 Nxc2+ 16. Qxc2
Qxf3 17. O-O cxd4 18. Rac1 f5 19. Qc4 Nf6 20. Qxd4 O-O 21. Rc7
Rf7 22. Rfc1 g5 23. Bc3 Kh7 24. Rxa7 Rxa7 25. Qxa7 Ne4 26. Be5
f4 27. Qd4 Rf5 28. Rf1 fxg3 29. Bxg3 Nc3 30. Re1 Ne2+ 31. Rxe2
Qxe2 32. Qa7 Qd1+ 33. Kg2 Qf3+ 34. Kg1 Qc6 35. Qc7 Rc5 0-1

[Event "Chess Olympiad"]
[Site "Tromso NOR"]
[Date "2014.08.04"]
[EventDate "2014.08.02"]
[Round "3.4"]
[Result "1/2-1/2"]
[White "Arkadij Naiditsch"]
[Black "Michael Adams"]
[WhiteElo "2709"]
[BlackElo "2740"]
[PlyCount "108"]

1. e4 e5 2. Nf3 Nc6 3. Bb5 Nf6 4. O-O Nxe4 5. d4 Nd6 6. Bxc6
dxc6 7. dxe5 Nf5 8. Qxd8+ Kxd8 9. h3 Bd7 10. Rd1 Be7 11. Bg5
Kc8 12. Nc3 h6 13. Bxe7 Nxe7 14. Ne2 Ng6 15. Ng3 c5 16. Nh5
Rg8 17. Re1 a5 18. Rad1 Ra6 19. Nd2 a4 20. Ne4 Nxe5 21. f4 Nc4
22. b3 Nd6 23. Nxc5 Rc6 24. Nxd7 Kxd7 25. c4 Rc5 26. g4 b5
27. Re5 Kc6 28. cxb5+ Rxb5 29. Rc1+ Kd7 30. bxa4 Rxe5 31. fxe5
Nb7 32. Rc2 Nd8 33. Rd2+ Kc8 34. Kg2 Nc6 35. Rd5 Nb4 36. Rb5
Nc6 37. a5 g6 38. Nf4 Rd8 39. Rc5 Rd2+ 40. Kg3 Nd4 41. a4 g5
42. Nd5 Ne6 43. Ne7+ Kb7 44. Rb5+ Ka6 45. Nc6 Rd3+ 46. Kf2
Rxh3 47. Nb4+ Ka7 48. a6 Rc3 49. Rb7+ Ka8 50. Nd5 Rc5 51. Ne7
Rc4 52. Rb5 Ka7 53. Ra5 Ka8 54. Rb5 Ka7 1/2-1/2

[Event "Chess Olympiad"]
[Site "Tromso NOR"]
[Date "2014.08.06"]
[EventDate "2014.08.02"]
[Round "5.10"]
[Result "1-0"]
[White "Arkadij Naiditsch"]
[Black "Mohamad Al-Modiahki"]
[WhiteElo "2709"]
[BlackElo "2549"]
[PlyCount "63"]

1. e4 c5 2. Nf3 g6 3. c3 Bg7 4. d4 cxd4 5. cxd4 d5 6. e5 Nh6
7. Bf4 f6 8. Bb5+ Nc6 9. Bxc6+ bxc6 10. Qc1 g5 11. Bd2 Qb6
12. O-O O-O 13. h4 Nf5 14. hxg5 fxe5 15. dxe5 Ba6 16. Re1 Rab8
17. Be3 Nxe3 18. Rxe3 Qxb2 19. Nbd2 c5 20. Qd1 Qb6 21. Rc1 c4
22. Nf1 e6 23. Ng3 Rbd8 24. Nd4 Qb2 25. Re2 Qb6 26. Rb1 Qa5
27. Nxe6 c3 28. Nh5 Bxe2 29. Qxe2 d4 30. Nf6+ Kh8 31. Qe4 Bxf6
32. Rb7 1-0

[Event "Chess Olympiad"]
[Site "Tromso NOR"]
[Date "2014.08.08"]
[EventDate "2014.08.02"]
[Round "6.14"]
[Result "1/2-1/2"]
[White "Luc Winants"]
[Black "Arkadij Naiditsch"]
[WhiteElo "2545"]
[BlackElo "2709"]
[PlyCount "112"]

1. d4 Nf6 2. Nf3 e6 3. Bf4 c5 4. e3 b6 5. Nbd2 cxd4 6. exd4
Bb7 7. c3 Be7 8. Bd3 O-O 9. h4 d6 10. Qe2 Nbd7 11. Bg5 a6
12. Ne4 Bxe4 13. Bxe4 Nxe4 14. Qxe4 b5 15. O-O Nb6 16. Bxe7
Qxe7 17. Ng5 g6 18. Rfe1 Rab8 19. a3 Qf6 20. Rad1 h6 21. Nf3
Nc4 22. Qe2 Qf5 23. Nh2 Kg7 24. Rd3 d5 25. Rg3 Qe4 26. Nf3
Qxe2 27. Rxe2 a5 28. Ne5 Nxe5 29. Rxe5 Kf6 30. Rf3+ Ke7 31. g4
b4 32. axb4 axb4 33. Rfe3 Kd6 34. g5 hxg5 35. hxg5 Rb7 36. Rd3
Ra8 37. Kf1 Ra2 38. Re2 Rc7 39. Rf3 Kc6 40. cxb4 Ra1+ 41. Re1
Raa7 42. Rc1+ Kb5 43. Rxc7 Rxc7 44. Ke2 Kxb4 45. Kd2 Re7
46. Rc3 e5 47. dxe5 Rxe5 48. Rf3 Rxg5 49. Rxf7 Kc4 50. Rf4+
Kb3 51. Rf6 Kc4 52. Rf4+ Kb3 53. Rf6 Kc4 54. Rf4+ Kb3 55. Rf6
Kc4 56. Rf4+ Kb3 1/2-1/2

[Event "Chess Olympiad"]
[Site "Tromso NOR"]
[Date "2014.08.09"]
[EventDate "2014.08.02"]
[Round "7.3"]
[Result "0-1"]
[White "Magnus Carlsen"]
[Black "Arkadij Naiditsch"]
[WhiteElo "2877"]
[BlackElo "2709"]
[PlyCount "124"]

1. d4 Nf6 2. c4 e6 3. Nc3 Bb4 4. Nf3 c5 5. g3 O-O 6. Bg2 cxd4
7. Nxd4 d5 8. cxd5 Nxd5 9. Qb3 Nc6 10. Nxc6 bxc6 11. O-O Qa5
12. Ne4 Ba6 13. Qc2 h6 14. a3 Be7 15. b4 Qb5 16. Re1 Qc4
17. Qb2 c5 18. Nxc5 Bf6 19. Qa2 Rac8 20. e4 Nc3 21. Qxc4 Bxc4
22. e5 Be7 23. Bd2 Ne2+ 24. Kh1 Nd4 25. Rac1 Bd5 26. Bxd5 exd5
27. Nd7 Rxc1 28. Rxc1 Rd8 29. Nc5 Bxc5 30. Rxc5 Nf3 31. Bc3 g5
32. h3 h5 33. Kg2 g4 34. b5 Rd7 35. Rc8+ Kh7 36. Ba5 d4
37. hxg4 hxg4 38. e6 fxe6 39. Rc7 Rxc7 40. Bxc7 d3 41. Kf1 Nd4
42. Ke1 Nxb5 43. Bb8 Nxa3 44. Kd2 a5 45. Kxd3 Kg6 46. Ke4 a4
47. Be5 Nc4 48. Bc3 a3 49. Kf4 Kh5 50. f3 e5+ 51. Ke4 Nd6+
52. Ke3 Kg5 53. fxg4 e4 54. Kd2 Nb5 55. Be5 Kxg4 56. Ke3 Kf5
57. Ba1 Nd6 58. Kd2 Kg4 59. Ke3 a2 60. Bc3 Kxg3 61. Ba1 Kg4
62. Kd2 Kf3 0-1

[Event "Chess Olympiad"]
[Site "Tromso NOR"]
[Date "2014.08.10"]
[EventDate "2014.08.02"]
[Round "8.6"]
[Result "1/2-1/2"]
[White "Arkadij Naiditsch"]
[Black "Leinier Dominguez Perez"]
[WhiteElo "2709"]
[BlackElo "2760"]
[PlyCount "61"]

1. e4 c5 2. Nf3 d6 3. Bb5+ Nd7 4. d4 cxd4 5. Qxd4 a6 6. Bxd7+
Bxd7 7. c4 Nf6 8. Nc3 g6 9. Bg5 Bg7 10. c5 dxc5 11. Qxc5 Rc8
12. Qa3 Bc6 13. O-O Qd6 14. Qb3 Nxe4 15. Nxe4 Bxe4 16. Rfe1
Bd5 17. Bxe7 Bxb3 18. Bxd6+ Be6 19. Ng5 Bxb2 20. Rab1 Bc3
21. Rec1 Bf6 22. Nxe6 Rxc1+ 23. Rxc1 Kd7 24. Nc5+ Kxd6
25. Nxb7+ Kd5 26. Rc5+ Kd4 27. Kf1 Be5 28. Rc2 Kd5 29. Rc5+
Kd4 30. Rc2 Kd5 31. Rc5+ 1/2-1/2

[Event "Chess Olympiad"]
[Site "Tromso NOR"]
[Date "2014.08.12"]
[EventDate "2014.08.02"]
[Round "10.8"]
[Result "1/2-1/2"]
[White "Arkadij Naiditsch"]
[Black "Parimarjan Negi"]
[WhiteElo "2709"]
[BlackElo "2645"]
[PlyCount "111"]

1. e4 c5 2. Nf3 e6 3. d4 cxd4 4. Nxd4 Nc6 5. Nc3 Qc7 6. f4
Nxd4 7. Qxd4 a6 8. Be3 b5 9. O-O-O Bb7 10. Bd3 Rc8 11. Kb1 Nh6
12. Rhe1 f6 13. a4 b4 14. Na2 Bd6 15. e5 fxe5 16. fxe5 Bc5
17. Qxc5 Qxc5 18. Bxc5 Rxc5 19. Nxb4 a5 20. Na2 Bc6 21. Bb5
Bxb5 22. axb5 Nf7 23. Nc3 Ke7 24. Rd4 Nxe5 25. Ra4 Ra8 26. Re3
d6 27. Ka2 Rc4 28. Rxc4 Nxc4 29. Nd5+ Kd7 30. Rxe6 Kxe6
31. Nc7+ Kd7 32. Nxa8 Kc8 33. b3 Ne3 34. Nb6+ Kc7 35. Nc4 Nxc2
36. Kb2 Nd4 37. b6+ Kc6 38. Kc3 Ne2+ 39. Kd2 Nd4 40. Nxa5+
Kxb6 41. Kd3 Ne6 42. Nc4+ Kc5 43. Kc3 Nf4 44. b4+ Kd5 45. Ne3+
Ke4 46. Nd1 Nxg2 47. Kc4 Nf4 48. b5 Ne6 49. b6 Nd8 50. Nc3+
Ke5 51. Nd5 g5 52. Nb4 Ke6 53. Kb5 Kd7 54. Nd5 Ke6 55. Nb4 Kd7
56. Nd5 1/2-1/2

[Event "European Clup Cup"]
[Site "Bilbao ESP"]
[Date "2014.09.14"]
[EventDate "2014.09.14"]
[Round "1.12"]
[Result "1-0"]
[White "Peter K Wells"]
[Black "Arkadij Naiditsch"]
[WhiteElo "2455"]
[BlackElo "2715"]
[PlyCount "135"]

1. d4 Nf6 2. Nf3 e6 3. c4 c5 4. d5 d6 5. Nc3 exd5 6. cxd5 g6
7. g3 Bg7 8. Bg2 O-O 9. O-O a6 10. a4 Nbd7 11. h3 Rb8 12. a5
b5 13. axb6 Nxb6 14. e4 Nfd7 15. Re1 Re8 16. Bg5 Qc7 17. Bf1
Ra8 18. Qd2 Ne5 19. Nxe5 Bxe5 20. Ra3 Bb7 21. Nd1 Bg7 22. g4
Nd7 23. Bf4 Nf6 24. Bg2 Nd7 25. Ne3 Rab8 26. Bg3 Bc8 27. b3
Be5 28. Bxe5 Nxe5 29. f4 Nd7 30. g5 Nb6 31. Qc3 Qe7 32. h4 Qf8
33. Kf2 Qg7 34. Qf6 Qf8 35. Bf3 Nd7 36. Qc3 h5 37. Rg1 Nb6
38. Ra2 Qg7 39. Qf6 Qf8 40. Qc3 Qg7 41. Qf6 Qf8 42. Raa1 Nd7
43. Qc3 Nb6 44. Rgb1 Re7 45. Ra2 Qe8 46. Re1 Qf8 47. Kg3 Re8
48. Rb1 Re7 49. Raa1 Re8 50. Re1 Re7 51. Nf1 Bd7 52. Rxa6 Bb5
53. Ra3 c4 54. Ne3 Rc7 55. bxc4 Qc8 56. Qb4 Nxc4 57. Nxc4 Rxc4
58. Qxd6 Be8 59. f5 Rb2 60. fxg6 Rcc2 61. gxf7+ Bxf7 62. Rg1
Rf2 63. Qf6 Qb8+ 64. d6 Qc8 65. g6 Be6 66. e5 Ra2 67. Rxa2
Rxa2 68. Rc1 1-0

[Event "Qatar Masters"]
[Site "Doha QAT"]
[Date "2014.11.26"]
[EventDate "2014.11.26"]
[Round "1.9"]
[Result "0-1"]
[White "Arkadij Naiditsch"]
[Black "R Rajpara Ankit"]
[WhiteElo "2719"]
[BlackElo "2494"]
[PlyCount "78"]

1. e4 c6 2. d4 d5 3. e5 Bf5 4. Nf3 e6 5. Be2 Ne7 6. O-O Bg6
7. Nbd2 Nf5 8. c4 Be7 9. g4 Nh6 10. h3 Ng8 11. Ne1 h5 12. Ng2
hxg4 13. hxg4 dxc4 14. Nxc4 Be4 15. f3 Bd5 16. Nce3 c5 17. Nf4
Bc6 18. d5 exd5 19. Nfxd5 Bh4 20. Kg2 Bg3 21. Kxg3 Qh4+
22. Kf4 Qh2+ 23. Ke4 Nd7 24. Kd3 O-O-O 25. Kc2 Nxe5 26. Qd2
Nf6 27. Ne7+ Kb8 28. Nxc6+ Nxc6 29. Bd3 Nb4+ 30. Kb1 Qc7
31. g5 Rxd3 32. Qe1 Nfd5 33. Ng4 Nb6 34. Qe5 Qxe5 35. Nxe5 Rd4
36. Nxf7 Rh2 37. Be3 Nd3 38. Bc1 Nc4 39. Rd1 Nxc1 0-1

[Event "Qatar Masters"]
[Site "Doha QAT"]
[Date "2014.11.27"]
[EventDate "2014.11.26"]
[Round "2.49"]
[Result "1-0"]
[White "Inna Gaponenko"]
[Black "Arkadij Naiditsch"]
[WhiteElo "2381"]
[BlackElo "2719"]
[PlyCount "59"]

1. e4 e5 2. Nf3 d6 3. d4 exd4 4. Nxd4 Nf6 5. Nc3 Be7 6. Bf4
O-O 7. Qd2 d5 8. Ndb5 Bb4 9. O-O-O c6 10. Nc7 Nxe4 11. Qd4
Bxc3 12. bxc3 Qe7 13. c4 Na6 14. Nxa8 Nb4 15. Kb2 c5 16. Qe5
Qxe5+ 17. Bxe5 Nxf2 18. Re1 Bd7 19. Nc7 Nxh1 20. Bd6 Rc8
21. cxd5 Bf5 22. c3 Nc2 23. Re5 Bg6 24. Bxc5 f6 25. Re7 b6
26. Bg1 Rd8 27. Ne6 Rxd5 28. Rxg7+ Kh8 29. Rxa7 h5 30. Nf4 1-0

[Event "Qatar Masters"]
[Site "Doha QAT"]
[Date "2014.11.28"]
[EventDate "2014.11.26"]
[Round "3.66"]
[Result "1-0"]
[White "Arkadij Naiditsch"]
[Black "M Amin Tabatabaei"]
[WhiteElo "2719"]
[BlackElo "2370"]
[PlyCount "101"]

1. e4 e5 2. Nf3 Nc6 3. Bb5 Nf6 4. O-O Nxe4 5. d4 Nd6 6. Bxc6
dxc6 7. dxe5 Nf5 8. Qxd8+ Kxd8 9. c4 Bd7 10. Nc3 h6 11. b3 Kc8
12. Bb2 Ne7 13. h3 Ng6 14. Rad1 a5 15. Rd2 Bb4 16. Rfd1 Be6
17. Nd4 Bd7 18. e6 Bxe6 19. Nxe6 fxe6 20. Rd7 Be7 21. Ne2 e5
22. h4 Re8 23. h5 Nf8 24. R7d3 Bf6 25. Nc3 e4 26. Re3 Re6
27. Ba3 Bxc3 28. Rxc3 Nh7 29. Rg3 Ng5 30. Bf8 b6 31. Bxg7 Kb7
32. Bxh6 Nf3+ 33. gxf3 Rxh6 34. fxe4 Rxh5 35. Rd7 Rah8
36. Rgg7 Rh1+ 37. Kg2 R8h2+ 38. Kg3 Rh3+ 39. Kg4 Rh4+ 40. Kf5
Rh5+ 41. Rg5 Rh8 42. Rgg7 Rc8 43. f4 Rh2 44. e5 Rxa2 45. e6
Re2 46. Kf6 b5 47. e7 a4 48. bxa4 bxa4 49. Rd8 a3 50. Rxc8 a2
51. Rxc7+ 1-0

[Event "Qatar Masters"]
[Site "Doha QAT"]
[Date "2014.11.29"]
[EventDate "2014.11.26"]
[Round "4.48"]
[Result "1-0"]
[White "Shardul Gagare"]
[Black "Arkadij Naiditsch"]
[WhiteElo "2411"]
[BlackElo "2719"]
[PlyCount "95"]

1. c4 e5 2. g3 Nf6 3. Bg2 c6 4. d4 e4 5. d5 Bb4+ 6. Bd2 Bxd2+
7. Qxd2 O-O 8. Nc3 Re8 9. e3 d6 10. Nge2 c5 11. Qc2 Bf5 12. h3
h6 13. g4 Bh7 14. Ng3 Nbd7 15. O-O-O a6 16. h4 Ne5 17. g5 Nd3+
18. Kb1 Ng4 19. Rd2 b5 20. Bxe4 Rxe4 21. Ncxe4 Nde5 22. Ka1
Nxc4 23. Re2 Qe7 24. f3 Nge5 25. Rf1 Re8 26. gxh6 Qxh4 27. Rh1
Bxe4 28. Rxh4 Bxc2 29. Rxc2 Nxf3 30. Rg4 g5 31. Re4 Nce5
32. Nh5 Ra8 33. Nf6+ Kf8 34. Rf2 Ne1 35. Rxe5 dxe5 36. d6 Rd8
37. h7 Kg7 38. d7 g4 39. Rh2 Kh8 40. Rh4 Nc2+ 41. Kb1 Nxe3
42. Rh5 Nd5 43. Nxd5 Rxd7 44. Nf6 Rd1+ 45. Kc2 Rf1 46. Nxg4 e4
47. Kd2 Rg1 48. Nf6 1-0